Capitalismo, crecimiento económico y desarrollo / (Registro nro. 4039)
[ vista simple ]
| 000 -LEADER | |
|---|---|
| fixed length control field | 01333nam a2200277Ia 4500 |
| 003 - CONTROL NUMBER IDENTIFIER | |
| control field | OSt |
| 005 - DATE AND TIME OF LATEST TRANSACTION | |
| control field | 20200609183407.0 |
| 008 - FIXED-LENGTH DATA ELEMENTS--GENERAL INFORMATION | |
| fixed length control field | 191128s1964 ck a gr 000 0 spa d |
| 040 ## - CATALOGING SOURCE | |
| Original cataloging agency | CO-JMCR |
| Transcribing agency | CO-JMCR |
| 041 0# - LANGUAGE CODE | |
| Language code of text/sound track or separate title | spa |
| 082 04 - DEWEY DECIMAL CLASSIFICATION NUMBER | |
| Classification number | 330.122 / |
| Item number | D632c |
| Edition number | 23 |
| 100 1# - MAIN ENTRY--PERSONAL NAME | |
| Personal name | Dobb, Maurice Herbert, 1900-1981, |
| Relator term | autor |
| 9 (RLIN) | 5301 |
| 245 10 - TITLE STATEMENT | |
| Title | Capitalismo, crecimiento económico y desarrollo / |
| Statement of responsibility, etc. | Maurice Herbert Dobb, ; Traducido por Antonio Casahuga |
| 250 ## - EDITION STATEMENT | |
| Edition statement | Primera edición |
| 260 ## - PUBLICATION, DISTRIBUTION, ETC. | |
| Place of publication, distribution, etc. | Barcelona : |
| Name of publisher, distributor, etc. | Occidente, |
| Date of publication, distribution, etc. | 1964 |
| 300 ## - PHYSICAL DESCRIPTION | |
| Extent | 144 páginas : |
| Other physical details | cuadros ; |
| Dimensions | 21 cm. |
| 490 0# - SERIES STATEMENT | |
| Series statement | Libros de econimía oikos ; |
| Volume/sequential designation | 2 |
| 505 ## - FORMATTED CONTENTS NOTE | |
| Formatted contents note | ¿Qué es el capitalismo? -- Cómo nacío el capitalismo -- Competencia y monopolio -- La tendencia decreciente de la tasa de ganacia y la participación del trabajo -- Las crisis económica -- Desde la segunda guerra mundial |
| 520 ## - SUMMARY, ETC. | |
| Summary, etc. | El objetivo de Dobb en el libro que publicamos es analizar, desde un punto de vista progresista, cuáles son las principales características del sistema capitalista y sus cambios después de la segunda guerra mundial. |
| 534 ## - ORIGINAL VERSION NOTE | |
| Introductory phrase | Capitalism yesterday and today |
| 546 ## - LANGUAGE NOTE | |
| Language note | Traducido del inglés. |
| 650 14 - SUBJECT ADDED ENTRY--TOPICAL TERM | |
| Topical term or geographic name entry element | Capitalismo |
| 9 (RLIN) | 5302 |
| 650 24 - SUBJECT ADDED ENTRY--TOPICAL TERM | |
| Topical term or geographic name entry element | Economía Subdesarrollo |
| 9 (RLIN) | 5303 |
| 700 1# - ADDED ENTRY--PERSONAL NAME | |
| Personal name | Casahuga, Antonio, |
| Relator term | traductor |
| 9 (RLIN) | 5304 |
| 942 ## - ADDED ENTRY ELEMENTS (KOHA) | |
| Source of classification or shelving scheme | Dewey Decimal Classification |
| Koha item type | Books |
| Withdrawn status | Lost status | Source of classification or shelving scheme | Materials specified (bound volume or other part) | Damaged status | Not for loan | Home library | Current library | Shelving location | Date acquired | Source of acquisition | Cost, normal purchase price | Total Checkouts | Full call number | Barcode | Date last seen | Copy number | Price effective from | Koha item type |
|---|---|---|---|---|---|---|---|---|---|---|---|---|---|---|---|---|---|---|
| Dewey Decimal Classification | Donación--24/08/2018-- | Biblioteca Pública José María del Castillo y Rada | Biblioteca Pública José María del Castillo y Rada | General Stacks | 11/28/2019 | Donación | 0.00 | 330.122 / D632c | 201808836 | 05/16/2024 | Ej.1 | 11/28/2019 | Books |